00830nam a2200241Ia 450000500170000000800410001702000150005824500830007325000190015630000430017560000290021865000380024765000400028565000330032565000330035870000310039126400320042233600270045433700330048133800280051404000350054208400110057720220317000619.0160601s2003 ck a g 000 0 spa  a958281485310aJosé Martí bselección de poemas cselección Alberto Rodríguez Tosca a1a. edición  a227 páginas bilustraciones c22 cm 14aMarti, Josed1853 - 1895142LEMBaPoesía cubana ySiglo XIX142LEMBaLiteratura cubana ySiglo XIX142LEMBaVida en la literatura 142LEMBaLuna en la literatura 1 aRodríguez Tosca, Alberto aBogotá bIntermedioc2003 atextobtxt2rdacontent asin mediaciónbn2rdamedia avolumenbnc2rdacarrier aCO-BoRNBPbspaerdacCO-BoRNBP aP MAR5